Costa E. de los Estados Unidos (Record no. 167110)

MARC details
000 -LEADER
campo de control de longitud fija 00832nam a22001815i 4500
001 - NÚMERO DE CONTROL
campo de control 167110
003 - IDENTIFICADOR DE NÚMERO DE CONTROL
campo de control ES-MaACL
005 - FECHA Y HORA DE LA ÚLTIMA TRANSACCIÓN
campo de control 20230906213449.0
008 - DATOS DE LONGITUD FIJA--INFORMACIÓN GENERAL
campo de control de longitud fija 991229s1889 sp |||| | spa d
040 ## - FUENTE DE CATALOGACIÓN
Centro catalogador/agencia de origen CCPB | B
Lengua de catalogación spa
Centro/agencia transcriptor CCPB | B
100 1# - ENTRADA PRINCIPAL--NOMBRE DE PERSONA
Nombre de persona Vega de Seoane y Andrea-Pérez, Baldomero.
9 (RLIN) 147785
245 10 - MENCIÓN DEL TÍTULO
Título Costa E. de los Estados Unidos
Resto del título : instrucciones para tomar sus puertos principales /
Mención de responsabilidad, etc. publicadas por la Dirección de Hidrografía ; redactadas por Baldomero Vega de Seoane y Andrea-Pérez.
260 ## - PUBLICACIÓN, DISTRIBUCIÓN, ETC.
Lugar de publicación, distribución, etc. Madrid :
Nombre del editor, distribuidor, etc. Dirección de Hidrografía,
Fecha de publicación, distribución, etc. 1889 (
Fabricante est. tip. Sucesores de Rivadeneyra)
300 ## - DESCRIPCIÓN FÍSICA
Extensión 316 p., 2 h. de grab. ;
Dimensiones 24 cm.
599 ## - NOTA A LAS ILUSTRACIONES
NOTA A LAS ILUSTRACIONES Las h. de grab. son las señales de precaución y temporal.
710 1# - ENTRADA AGREGADA--NOMBRE DE ENTIDAD CORPORATIVA
Nombre de entidad corporativa o nombre de jurisdicción como elemento de entrada España.
Unidad subordinada Dirección de Hidrografía.
9 (RLIN) 3694
852 ## - LOCALIZACIÓN
Ubicación ES-MaACL
Número de control de estantería G-11282
Nota libre -- Enc. hol.
Holdings
Estatus retirado Estado de pérdida Estado de daño No para préstamo Colección Biblioteca de origen Biblioteca actual Ubicación en estantería Fecha de adquisición Fuente de adquisición Total de préstamos Signatura topográfica completa Código de barras Visto por última vez Precio de reemplazo Tipo de ítem Koha
        Libros del s. XIX Biblioteca del Ateneo de Madrid Biblioteca del Ateneo de Madrid Sala Pecera Planta 3 17/01/2008     G-11282 1175296 23/02/2023 23/02/2023 Libro impreso antiguo